El Olvido: un itinerario urbano en México DF /

Guardado en:
Bibliografiske detaljer
Hovedforfatter: Villoro, Juan
Format: Texto
Fag:
Tags: Tilføj Tag
Ingen Tags, Vær først til at tagge denne postø!

MARC

LEADER 00000 a a2200000 04500
001 10889
003
040
100 |a Villoro, Juan  
245 |a El Olvido:   |b un itinerario urbano en México DF /  |c Juan Villoro 
650 |a CIUDADES  
650 |2 Macrothesaurus de la OCDE  
650 |a SEGREGACION URBANA  
650 |a MEXICO  
773 |g número 212; páginas 162-175  
999 |c 28724  |d 28724